إعداد نظام التشغيل ويندوز 98 / (رقم التسجيلة. 38815)

تفاصيل مارك
000 -LEADER
fixed length control field 00627nam a22001937a 4500
005 - DATE AND TIME OF LATEST TRANSACTION
control field 20251108170050.0
008 - FIXED-LENGTH DATA ELEMENTS--GENERAL INFORMATION
fixed length control field 250721s1999 xx 000 0 ara d
082 14 - DEWEY DECIMAL CLASSIFICATION NUMBER
Classification number ط/004/عطا
100 1# - MAIN ENTRY--PERSONAL NAME
Personal name عطار، فراس أبو الجود
245 10 - TITLE STATEMENT
Title إعداد نظام التشغيل ويندوز 98 /
264 1# - PRODUCTION, PUBLICATION, DISTRIBUTION, MANUFACTURE, AND COPYRIGHT NOTICE
Place of production, publication, distribution, manufacture حلب :
Name of producer, publisher, distributor, manufacturer دار القلم العربي،
Date of production, publication, distribution, manufacture, or copyright notice 1999.
300 ## - PHYSICAL DESCRIPTION
Extent 16ص.
490 0# - SERIES STATEMENT
Series statement الجموعة العلمية للصغار ؛11
650 17 - SUBJECT ADDED ENTRY--TOPICAL TERM
Topical term or geographic name as entry element الحواسيب
650 17 - SUBJECT ADDED ENTRY--TOPICAL TERM
Topical term or geographic name as entry element علم الحاسوب
653 ## - INDEX TERM--UNCONTROLLED
Uncontrolled term اطفال مرحلو متوسطة (6-9)سنوات
942 ## - ADDED ENTRY ELEMENTS (KOHA)
Source of classification or shelving scheme Dewey Decimal Classification
Koha item type كتب
المقتنيات
حالة السحب حالة الفقدان مصدر التصنيف حالة التلف غير قابل للإعارة المكتبة الرئيسية المكتبة الحالية موقع الرف تاريخ التزويد الرقم المتسلسل Total Checkouts رقم الإستدعاء تاريخ آخر ظهور تاريخ الفاتورة نوع المادة (كوها) الباركود
    Dewey Decimal Classification     المكتبة المركزية المكتبة المركزية مقتنيات قسم التزويد 28/07/2025 1489720   ط/004/عطا 28/07/2025 28/07/2025 كتب  
    Dewey Decimal Classification     مكتبة قتيبة للأطفال مكتبة قتيبة للأطفال الأطفال 01/11/2017 1665674   ط/004/عطا 28/07/2025 01/11/2017 كتب PLD00408723
    Dewey Decimal Classification     مكتبة قتيبة للأطفال مكتبة قتيبة للأطفال الأطفال 07/11/2017 1666586   ط/004/عطا 28/07/2025 07/11/2017 كتب PLD00409659
    Dewey Decimal Classification Unchecked   مكتبة البراءة للأطفال مكتبة البراءة للأطفال الأطفال 28/07/2025 401593   ط/004/عطا 28/07/2025 28/07/2025 كتب  
    Dewey Decimal Classification     مكتبة الحسن العامة مكتبة الحسن العامة الأطفال 10/04/2019 315735   ط/004/عطا 28/07/2025 10/04/2019 كتب PLD00449244
    Dewey Decimal Classification     مكتبة النصر العامة مكتبة النصر العامة الأطفال 04/05/2015 315991   ط/004/عطا 28/07/2025 04/05/2015 كتب PLD00387545
    Dewey Decimal Classification     مكتبة الياسمين للأطفال مكتبة الياسمين للأطفال الأطفال 10/04/2014 558651   ط/004/عطا 28/07/2025 10/04/2014 كتب PLD00298668
    Dewey Decimal Classification     مكتبة بدر الجديدة للأطفال مكتبة بدر الجديدة للأطفال الأطفال 28/07/2025 401493   ط/004/عطا 28/07/2025 28/07/2025 كتب 401493
    Dewey Decimal Classification     مكتبة بدر الجديدة للأطفال مكتبة بدر الجديدة للأطفال الأطفال 12/08/2015 315623   ط/004/عطا 28/07/2025 12/08/2015 كتب PLD00341656
    Dewey Decimal Classification     مكتبة بدر للأطفال مكتبة بدر للأطفال الأطفال 08/08/2022 315879   ط/004/عطا 28/07/2025 08/08/2022 كتب PLD00498259
    Dewey Decimal Classification     مكتبة بدر للأطفال مكتبة بدر للأطفال الأطفال 08/08/2022 401477   ط/004/عطا 28/07/2025 08/08/2022 كتب PLD00498286
    Dewey Decimal Classification     مكتبة صويلح العامة مكتبة صويلح العامة الأطفال 29/06/2019 315671   ط/004/عطا 28/07/2025 29/06/2019 كتب PLD00455462
Implemented & Customized by: BBB with SCIT (Smart Chains for Information Technology)

Powered by Koha